| 000 | 00443nam a2200181Ia 4500 | ||
|---|---|---|---|
| 001 | 9161 | ||
| 005 | 20260306160703.0 | ||
| 008 | 260306t2013||||xx |||||||||||||| ||spa|| | ||
| 041 | _aESP | ||
| 082 |
_a373.2 _bT895 |
||
| 100 |
_aTyler, Ralph W., _eAUT |
||
| 245 | 0 | _aBasic principles of curriculum and instruction | |
| 260 | _c2013 | ||
| 300 |
_axii, 128 páginas : _c22 cm. |
||
| 650 | _aGEN | ||
| 654 | _aCED | ||
| 942 |
_cLIB _dJUS _fJUS _2ddc _n |
||
| 999 |
_c9161 _d9161 |
||